| 000 | 00828nam a2200277 i 4500 | ||
|---|---|---|---|
| 005 | 20220317000111.0 | ||
| 007 | ta | ||
| 008 | 200419s2011 mx gr 000 0 spa d | ||
| 020 | _a9789681609832 | ||
| 040 |
_aCO-BoRNBP _bspa _erda _cCO-BoRNBP |
||
| 041 | 0 | _aspa | |
| 043 | _an-mx--- | ||
| 082 | 0 | 4 |
_aMe864.08 _bR29a _223 |
| 100 | 1 |
_aReyes, Alfonso _d1889-1959 _eautor |
|
| 245 | 1 | 0 |
_aAntología : prosa, teatro, poesía _cAlfonso Reyes |
| 250 | _aPrimera edición | ||
| 264 | 1 |
_aMéxico _bFondo de Cultura Económica _c2011 |
|
| 300 |
_a164 páginas _c20 cm |
||
| 336 |
_atexto _btxt _2rdacontent |
||
| 337 |
_asin mediación _bn _2rdamedia |
||
| 338 |
_avolumen _bnc _2rdacarrier |
||
| 650 | 1 | 7 |
_aAutores mexicanos _2ARMARC |
| 650 | 1 | 7 |
_aPoesía mexicana _2ARMARC |
| 650 | 1 | 7 |
_aLiteratura mexicana _2ARMARC |
| 942 |
_2ddc _cBKLIT |
||
| 999 |
_c3109 _d3109 |
||